Statistics for Spanish Translations of Song Titles #2

Click here to take the quiz!

General Stats

  • This quiz has been taken 316 times
    (313 since last reset)
  • The average score is 11 of 28

Answer Stats

HintAnswer% Correct
Movimientos como JaggerMoves like Jagger
82%
DiamantesDiamonds
78%
Tren de AmorLove Train
75%
Chica de los Ojos MarronesBrown Eyed Girl
72%
Fiesta en los EEUUParty in the USA
71%
Verano en la CiudadSummer in the City
59%
Una CosaOne Thing
59%
Soldado BúfaloBuffalo Soldier
59%
Juego de AmorLove Game
55%
Dulce Niña MíaSweet Child of Mine
55%
Espíritu en el CieloSpirit in the Sky
46%
Dame TodoGive Me Everything
45%
Yo Creo en los MilagrosI Believe in Miracles
45%
Alguien que Yo ConocíaSomebody that I Used to Know
40%
Toque InvisibleInvisible Touch
39%
Yo Sabía que Tú Eras ProblemasI Knew You Were Trouble
37%
Yo Escribo los Pecados y No las TragediasI Write Sins Not Tragedies
34%
Vierte un Poco de Azúcar en MíPour Some Sugar on Me
32%
Toda la EstrellaAll Star
22%
MujeriegoWomanizer
21%
Te Da el InfiernoGives You Hell
19%
RealesRoyals
18%
Cegado por la LuzBlinded by the Light
17%
Que Comience la FiestaGet the Party Started
15%
RugirRoar
12%
Más Allá del MarBeyond the Sea
9%
Amando es lo que TengoLovin' is what I Got
6%
Ciudad MiedosaFunky Town
1%

Score Distribution

Percentile by Number Answered

Percent of People with Each Score

Your Score History

You have not taken this quiz since the last reset